UM Logo

Inquiry-based science learning in the context of a continuing professional development programme for biology teachers / (Record no. 18206)

MARC details
000 -LEADER
fixed length control field 01094nam a22002537a 4500
003 - CONTROL NUMBER IDENTIFIER
control field OSt
005 - DATE AND TIME OF LATEST TRANSACTION
control field 20250905102823.0
008 - FIXED-LENGTH DATA ELEMENTS--GENERAL INFORMATION
fixed length control field 230915b ||||| |||| 00| 0 eng d
040 ## - CATALOGING SOURCE
Transcribing agency 0
082 ## - DEWEY DECIMAL CLASSIFICATION NUMBER
Classification number DPer 570 J826 February-November 2020 v. 54 n. 1-5
100 ## - MAIN ENTRY--PERSONAL NAME
Personal name Martins-Louca, Marie Amelia.
Relator term author.
9 (RLIN) 49068
245 ## - TITLE STATEMENT
Title Inquiry-based science learning in the context of a continuing professional development programme for biology teachers /
Statement of responsibility, etc. Marie Amelia Martins-Louca, Gisela Gaio-Oliveira, Raquel Barata, and Nuno Carvalho.
260 ## - PUBLICATION, DISTRIBUTION, ETC. (IMPRINT)
Place of publication, distribution, etc. United Kingdom ;
Name of publisher, distributor, etc. Taylor & Francis Group ,
Date of publication, distribution, etc. November 2020.
300 ## - PHYSICAL DESCRIPTION
Extent Volume 54, pages 497-513 :
Other physical details illustration ;
Dimensions 25 cm.
500 ## - GENERAL NOTE
General note Journal of Biological Education, vol. 54, no. 5, pages 497-513, November 2020.
650 ## - SUBJECT ADDED ENTRY--TOPICAL TERM
Topical term or geographic name as entry element Science.
9 (RLIN) 49069
650 ## - SUBJECT ADDED ENTRY--TOPICAL TERM
Topical term or geographic name as entry element Education.
9 (RLIN) 49070
650 ## - SUBJECT ADDED ENTRY--TOPICAL TERM
Topical term or geographic name as entry element Climate.
9 (RLIN) 49071
700 ## - ADDED ENTRY--PERSONAL NAME
Personal name Martins-Louca, Marie Amelia.
Relator term author.
9 (RLIN) 49068
700 ## - ADDED ENTRY--PERSONAL NAME
Personal name Gaio-Oliveira, Gisela.
Relator term author.
9 (RLIN) 49072
700 ## - ADDED ENTRY--PERSONAL NAME
Personal name Barata, Raquel.
Relator term author.
9 (RLIN) 49073
700 ## - ADDED ENTRY--PERSONAL NAME
Personal name Carvalho, Nuno.
Relator term author.
9 (RLIN) 49074
942 ## - ADDED ENTRY ELEMENTS (KOHA)
Source of classification or shelving scheme Dewey Decimal Classification
Koha item type Periodicals
Holdings
Withdrawn status Lost status Source of classification or shelving scheme Damaged status Not for loan Collection code Home library Current library Date acquired Total Checkouts Full call number Date last seen Price effective from Koha item type Public note
    Dewey Decimal Classification     Periodicals UM Digos College - LIC UM Digos College - LIC 09/15/2023   DPer 570 J826 February-November 2020 v. 54 n. 1-5. 09/15/2023 09/15/2023 Periodicals Periodical Article